| 000 | 00447nam a2200169Ia 4500 | ||
|---|---|---|---|
| 003 | SGT | ||
| 020 | _a9781859863572 | ||
| 082 |
_a4.03 _bHUT |
||
| 100 | _aHutchinson | ||
| 245 | _aDictionary of computing and the internet | ||
| 250 | _a4th Ed. | ||
| 260 |
_bHelicon Publishing Ltd. _aNew Delhi _c2001 |
||
| 300 | _a326p. | ||
| 650 | _aCOMPUTER SCIENCE | ||
| 653 | _aCONTRIBUTORS, LIST OF TABLES, LIST OF TABLES, LIST OF TABLES | ||
| 942 |
_2ddc _cBK |
||
| 999 |
_c5629 _d5629 |
||